000 00598nam a22001937a 4500
005 20251108164702.0
008 250721s1968 xx 000 0 ara d
082 1 4 _a811.1/ناص
100 1 _aالأسد، ناصرالدين
245 1 0 _aالقيان و الغناء في العصر الجاهلي /
250 _aط2.
264 1 _aالقاهرة :
_bدار المعارف،
_c1968.
300 _a311 ص
490 0 _aمكتبة الدراسات الإسلامية ؛49
650 1 7 _aالشعر العربي
650 1 7 _aالعصر الجاهلي
942 _2ddc
_cBK
999 _c11790
_d11790